[Event "BPB Limburg-open C"]
[Site "Maastricht"]
[Date "2015.05.24"]
[Round "4"]
[White "Muntean, Felix"]
[Black "Mohammadi Nia, Nosratollah"]
[Result "1/2-1/2"]
[WhiteElo "900"]
[BlackElo "1168"]
[PlyCount "90"]
[EventDate "2015.05.22"]
[EventType "swiss"]
[EventRounds "7"]
[EventCountry "NED"]
[Source "P.Boonen"]
[SourceDate "2015.01.01"]

1. e4 e5 2. Bc4 Bc5 3. Nc3 Nf6 4. Nf3 h6 5. Nxe5 O-O 6. O-O Qe8 7. Ng4 Nxe4 8.
Re1 Nxc3 9. bxc3 Be7 10. Qf3 d6 11. Qg3 Bxg4 12. Qxg4 Nd7 13. d4 Nf6 14. Qg3
Nh5 15. Qf3 Nf6 16. Qxb7 Qd7 17. Bb5 Qd8 18. Bc6 Rb8 19. Qxa7 Rb6 20. d5 Ng4
21. f3 Ne5 22. Qa4 Bf6 23. Rf1 Nxc6 24. Qc4 Nb4 25. Rb1 Nxc2 26. Rxb6 cxb6 27.
Qe4 Bxc3 28. Qxc2 Qc7 29. Kh1 Qc5 30. Qd3 Ba5 31. Be3 Qc7 32. Rc1 Qb7 33. Bf4
Rc8 34. Rxc8+ Qxc8 35. h3 Qc5 36. Qe4 Kf8 37. Qf5 b5 38. Qd7 Kg8 39. Qe8+ Kh7
40. Qxf7 Bb6 41. Qf5+ Kh8 42. Kh2 Qg1+ 43. Kg3 Qf2+ 44. Kh2 Qg1+ 45. Kg3 Qf2+
1/2-1/2

[Event "BPB Limburg-open C"]
[Site "Maastricht"]
[Date "2015.05.24"]
[Round "4"]
[White "Muntean, Victor"]
[Black "Godde, Matthias"]
[Result "1-0"]
[WhiteElo "1254"]
[BlackElo "1562"]
[PlyCount "73"]
[EventDate "2015.05.22"]
[EventType "swiss"]
[EventRounds "7"]
[EventCountry "NED"]
[Source "P.Boonen"]
[SourceDate "2015.01.01"]

1. e4 c5 2. c3 d5 3. exd5 Qxd5 4. d4 e6 5. Be3 cxd4 6. cxd4 Nf6 7. Nc3 Bb4 8.
Qc2 O-O 9. Nf3 Nc6 10. Bd3 e5 11. O-O Bxc3 12. Qxc3 e4 13. Bc4 Qh5 14. Ne5 Nxe5
15. dxe5 Ng4 16. Bf4 Be6 17. Bxe6 fxe6 18. Bg3 Rad8 19. Qb3 Qf7 20. Qb4 h5 21.
Qxe4 g5 22. h3 Nh6 23. Qe3 Qg7 24. Qxa7 g4 25. Qb6 Qe7 26. Qe3 Nf5 27. Qb3 gxh3
28. gxh3 Nd4 29. Qc4 Nf3+ 30. Kh1 h4 31. Qg4+ Kh7 32. Bf4 Rd4 33. Qh5+ Kg8 34.
Rg1+ Nxg1 35. Rxg1+ Qg7 36. Rxg7+ Kxg7 37. Bh6+ 1-0

[Event "BPB Limburg-open C"]
[Site "Maastricht"]
[Date "2015.05.24"]
[Round "4"]
[White "Nissel, Andreas"]
[Black "Vos, Wolfgang"]
[Result "1/2-1/2"]
[WhiteElo "1628"]
[BlackElo "1578"]
[PlyCount "68"]
[EventDate "2015.05.22"]
[EventType "swiss"]
[EventRounds "7"]
[EventCountry "NED"]
[Source "P.Boonen"]
[SourceDate "2015.01.01"]

1. d4 d5 2. e4 dxe4 3. Nc3 Nf6 4. f3 Bf5 5. g4 Bg6 6. h4 h5 7. g5 Nd5 8. Nxe4
e6 9. c3 a6 10. Ne2 Nc6 11. Nf4 Nxf4 12. Bxf4 Qd5 13. Bd3 O-O-O 14. Ke2 e5 15.
dxe5 Nxe5 16. Bxe5 Qxe5 17. Qc2 Bc5 18. b4 Bb6 19. c4 Bd4 20. Rad1 Rhe8 21. Kf1
Qf4 22. Kg2 Be5 23. Qd2 Qxd2+ 24. Rxd2 Rd4 25. Kf2 Bf4 26. Rdd1 Red8 27. Ke2 b6
28. a3 Bf5 29. c5 Bxe4 30. Bxa6+ Kb8 31. Rxd4 Rxd4 32. fxe4 Rxe4+ 33. Kf3 Rd4
34. c6 Be5 1/2-1/2

[Event "BPB Limburg-open C"]
[Site "Maastricht"]
[Date "2015.05.24"]
[Round "4"]
[White "Oosterlinck, Freddy"]
[Black "Allaart, Janne"]
[Result "1-0"]
[WhiteElo "1356"]
[BlackElo "1451"]
[PlyCount "61"]
[EventDate "2015.05.22"]
[EventType "swiss"]
[EventRounds "7"]
[EventCountry "NED"]
[Source "P.Boonen"]
[SourceDate "2015.01.01"]

1. e4 e5 2. Nf3 Nf6 3. Nc3 Nc6 4. a3 Bc5 5. Be2 d6 6. O-O O-O 7. d3 h6 8. Kh1
Ng4 9. Ng1 Nxf2+ 10. Rxf2 Bxf2 11. Qf1 Bb6 12. Bh5 Ne7 13. Qf3 Ng6 14. Bd2 Kh7
15. Rf1 Be6 16. Nh3 Qh4 17. g4 Qe7 18. g5 Bxh3 19. Qxh3 Nf4 20. Bxf4 exf4 21.
Nd5 Qxg5 22. Nxf4 Qb5 23. Nd5 Qxb2 24. Qf5+ Kh8 25. Bxf7 c6 26. Ne7 Rxf7 27.
Qxf7 Qxc2 28. Ng6+ Kh7 29. Nf8+ Kh8 30. Qg6 Kg8 31. Qh7# 1-0

[Event "BPB Limburg-open C"]
[Site "Maastricht"]
[Date "2015.05.24"]
[Round "4"]
[White "Patil, Mahesh"]
[Black "Boesmans, Peter"]
[Result "1-0"]
[WhiteElo "1553"]
[BlackElo "1286"]
[PlyCount "74"]
[EventDate "2015.05.22"]
[EventType "swiss"]
[EventRounds "7"]
[EventCountry "NED"]
[Source "P.Boonen"]
[SourceDate "2015.01.01"]

1. e4 d6 2. d4 Nf6 3. Bd3 Nbd7 4. Nf3 e5 5. c3 Be7 6. O-O c6 7. Nbd2 Qc7 8. Re1
h6 9. Nf1 g5 10. Ng3 Nf8 11. Nf5 Ng6 12. Nxe7 Qxe7 13. g3 g4 14. Nd2 h5 15. a4
Nh7 16. Nc4 Ng5 17. Nxd6+ Kd7 18. Bxg5 Qxd6 19. Bc4 exd4 20. Bxf7 Ne5 21. Bf4
Nf3+ 22. Kg2 Nxe1+ 23. Qxe1 Qf6 24. Bc4 dxc3 25. Rd1+ Ke7 26. Qe3 c2 27. Rd3
Ke8 28. Bg5 Qf3+ 29. Qxf3 gxf3+ 30. Kxf3 Bg4+ 31. Kg2 Rh7 32. f3 Rg7 33. Be3
Bd7 34. Bb3 Rd8 35. Bxc2 b5 36. Bxa7 bxa4 37. Bd4 Ra8 1-0

[Event "BPB Limburg-open C"]
[Site "Maastricht"]
[Date "2015.05.24"]
[Round "4"]
[White "Ratniece, Laura"]
[Black "Linschoten, Astrid"]
[Result "1-0"]
[WhiteElo "1571"]
[BlackElo "900"]
[PlyCount "57"]
[EventDate "2015.05.22"]
[EventType "swiss"]
[EventRounds "7"]
[EventCountry "NED"]
[Source "P.Boonen"]
[SourceDate "2015.01.01"]

1. d4 Nf6 2. c4 e6 3. Nc3 Bb4 4. Bd2 d5 5. e3 Nc6 6. a3 Bxc3 7. Bxc3 O-O 8. Nf3
b6 9. cxd5 exd5 10. Be2 Ne4 11. Nd2 Qg5 12. Nxe4 Qxg2 13. Ng3 Qh3 14. Bf1 Qe6
15. Bd3 Qf6 16. Qe2 Ne7 17. Bb4 Re8 18. Bxe7 Qxe7 19. O-O Bd7 20. Qc2 c5 21.
Bxh7+ Kh8 22. Bf5 Bxf5 23. Qxf5 g6 24. Qxd5 Rad8 25. Qc4 Kg7 26. dxc5 bxc5 27.
Rfd1 Rc8 28. Rd5 Qb7 29. Rb1 1-0

[Event "BPB Limburg-open C"]
[Site "Maastricht"]
[Date "2015.05.24"]
[Round "4"]
[White "Reyskens, Jules"]
[Black "Schulte, Philipp"]
[Result "0-1"]
[WhiteElo "1688"]
[BlackElo "1442"]
[PlyCount "92"]
[EventDate "2015.05.22"]
[EventType "swiss"]
[EventRounds "7"]
[EventCountry "NED"]
[Source "P.Boonen"]
[SourceDate "2015.01.01"]

1. e4 c5 2. Nf3 Nc6 3. d4 cxd4 4. Nxd4 Nf6 5. Nc3 e5 6. Nb3 Bb4 7. Bd3 O-O 8.
O-O b6 9. a3 Bxc3 10. bxc3 Bb7 11. Bg5 Rc8 12. Qf3 Qe7 13. Rad1 Qe6 14. Bxf6
gxf6 15. Qh5 Kh8 16. f4 Rg8 17. Rf3 Rg7 18. f5 Qe7 19. Rh3 Qf8 20. Kf2 Qg8 21.
Rg1 Rg5 22. Qh4 Rg4 23. Qh5 Rg5 24. Qe2 Qg7 25. Rg3 Rg8 26. Rxg5 Qxg5 27. g3
Ne7 28. Nd2 d5 29. Nf3 Qh5 30. Nh4 Qxe2+ 31. Kxe2 dxe4 32. Bc4 Rc8 33. Bxf7
Rxc3 34. Bb3 Bd5 35. Kd2 Rc5 36. Re1 Kg7 37. Re3 Kh6 38. Rc3 Rxc3 39. Kxc3 Bxb3
40. cxb3 Kg5 41. Kd2 Nxf5 42. Nxf5 Kxf5 43. Ke3 Kg4 44. Kxe4 h5 45. b4 h4 46.
gxh4 b5 0-1

[Event "BPB Limburg-open C"]
[Site "Maastricht"]
[Date "2015.05.24"]
[Round "4"]
[White "Roemhild, Wolfgang"]
[Black "Cheng, Fon Kee"]
[Result "1/2-1/2"]
[WhiteElo "1735"]
[BlackElo "1235"]
[PlyCount "109"]
[EventDate "2015.05.22"]
[EventType "swiss"]
[EventRounds "7"]
[EventCountry "NED"]
[Source "P.Boonen"]
[SourceDate "2015.01.01"]

1. e4 c5 2. f4 Nc6 3. Nf3 g6 4. c3 Bg7 5. Bc4 Qc7 6. d3 e6 7. Bb3 Nge7 8. O-O
b5 9. Bc2 a5 10. Be3 d6 11. d4 Qb6 12. dxc5 dxc5 13. Qd6 Qb8 14. Bxc5 Qxd6 15.
Bxd6 b4 16. e5 f6 17. Nd4 fxe5 18. Nb5 O-O 19. Nd2 Ba6 20. Nc7 Rad8 21. Ne4
Bxf1 22. Rxf1 Rxf4 23. Nxe6 Rxf1+ 24. Kxf1 Rd7 25. Bb3 Kh8 26. N6c5 Ra7 27. Ng5
Bf6 28. Nf7+ Kg7 29. Ne4 h6 30. Bc5 Ra8 31. Be3 g5 32. g4 a4 33. Be6 a3 34. b3
bxc3 35. h4 c2 36. Bc4 Nb4 37. hxg5 Bxg5 38. Nfxg5 hxg5 39. Bxg5 Nec6 40. Nc3
Nd4 41. Bc1 e4 42. Kf2 Nd3+ 43. Bxd3 exd3 44. Ke3 Ne2 45. Nxe2 dxe2 46. Kxe2
Rd8 47. Bxa3 Rd1 48. b4 c1=Q 49. Bxc1 Rxc1 50. Kd3 Ra1 51. Kc4 Rxa2 52. Kc5
Rc2+ 53. Kd6 Rc4 54. b5 Rxg4 55. b6 1/2-1/2

[Event "BPB Limburg-open C"]
[Site "Maastricht"]
[Date "2015.05.24"]
[Round "4"]
[White "Rutten, Alexander"]
[Black "Borsten, Chris"]
[Result "1-0"]
[WhiteElo "966"]
[BlackElo "1557"]
[PlyCount "37"]
[EventDate "2015.05.22"]
[EventType "swiss"]
[EventRounds "7"]
[EventCountry "NED"]
[Source "P.Boonen"]
[SourceDate "2015.01.01"]

1. e4 e5 2. Nf3 Nc6 3. Nc3 Nf6 4. Be2 Bc5 5. Nxe5 Bxf2+ 6. Kxf2 Nxe5 7. d4 Ng6
8. Rf1 d6 9. Kg1 O-O 10. Bg5 h6 11. Bxf6 gxf6 12. Qd2 Kg7 13. Rf2 Ne7 14. Raf1
Ng8 15. Nd5 c6 16. Nf4 Qe7 17. Nh5+ Kh7 18. Nxf6+ Nxf6 19. Rxf6 1-0

[Event "BPB Limburg-open C"]
[Site "Maastricht"]
[Date "2015.05.24"]
[Round "4"]
[White "Schoffelen, Jan"]
[Black "Kumpen, Kurt"]
[Result "1/2-1/2"]
[WhiteElo "1410"]
[BlackElo "1417"]
[PlyCount "65"]
[EventDate "2015.05.22"]
[EventType "swiss"]
[EventRounds "7"]
[EventCountry "NED"]
[Source "P.Boonen"]
[SourceDate "2015.01.01"]

1. e4 e6 2. d4 d5 3. e5 c5 4. c3 Nc6 5. Bb5 Bd7 6. Ne2 Qb6 7. Bxc6 Bxc6 8. b3
cxd4 9. cxd4 Bb4+ 10. Bd2 Ne7 11. Bxb4 Qxb4+ 12. Qd2 Qxd2+ 13. Nxd2 Bb5 14. Nc3
Bd3 15. Nf3 Rc8 16. Kd2 Bg6 17. Nh4 a6 18. Rac1 b5 19. Ne2 Kd7 20. Rxc8 Rxc8
21. Rc1 Rxc1 22. Nxc1 Nc6 23. Nxg6 hxg6 24. Kc3 b4+ 25. Kd3 f6 26. f4 Ne7 27.
g4 g5 28. fxg5 fxg5 29. Ke3 Ng6 30. Nd3 a5 31. Nc5+ Ke7 32. Nb7 Kd7 33. Nc5+
1/2-1/2

[Event "BPB Limburg-open C"]
[Site "Maastricht"]
[Date "2015.05.24"]
[Round "4"]
[White "Schroeder, Janina"]
[Black "Steinhart, Roel"]
[Result "1-0"]
[WhiteElo "1422"]
[BlackElo "1564"]
[PlyCount "49"]
[EventDate "2015.05.22"]
[EventType "swiss"]
[EventRounds "7"]
[EventCountry "NED"]
[Source "P.Boonen"]
[SourceDate "2015.01.01"]

1. e4 e5 2. Nf3 Qf6 3. d3 Bc5 4. Nc3 c6 5. Be3 Bb4 6. Bd2 Ba5 7. Be2 d6 8. h3
Be6 9. Na4 Bc7 10. Ng5 Bd7 11. Bg4 h6 12. Bxd7+ Nxd7 13. Nf3 Bd8 14. Nc3 Qg6
15. Ne2 Bb6 16. Ng3 h5 17. Rg1 Ne7 18. Qe2 f6 19. Nh4 Qf7 20. Nhf5 Nxf5 21.
Nxf5 Bc7 22. Bb4 c5 23. Bc3 h4 24. Qg4 Qh5 25. Nxg7+ 1-0

[Event "BPB Limburg-open C"]
[Site "Maastricht"]
[Date "2015.05.24"]
[Round "4"]
[White "Slangen-Knuit, Dien"]
[Black "De Goede, Jose"]
[Result "1-0"]
[WhiteElo "1033"]
[BlackElo "952"]
[PlyCount "71"]
[EventDate "2015.05.22"]
[EventType "swiss"]
[EventRounds "7"]
[EventCountry "NED"]
[Source "P.Boonen"]
[SourceDate "2015.01.01"]

1. d4 d5 2. e3 Nf6 3. Be2 Bf5 4. Nf3 Nc6 5. O-O e6 6. c4 Be4 7. Nbd2 Be7 8.
cxd5 Nxd5 9. Nxe4 O-O 10. Qb3 b6 11. a3 a5 12. Bb5 Na7 13. Bd3 Qd7 14. Qc2 Rab8
15. Ng3 g6 16. e4 Nf4 17. Bxf4 Bf6 18. Bh6 Rfe8 19. e5 Bg7 20. Bxg7 Kxg7 21.
Ne4 Nc6 22. Nf6 Nxd4 23. Nxd4 Qxd4 24. Nxe8+ Rxe8 25. Rfe1 Rd8 26. Re3 Rd5 27.
Rd1 Rxe5 28. Rxe5 Qxe5 29. Be4 f5 30. Rd7+ Kh6 31. Qd2+ f4 32. f3 Qc5+ 33. Kf1
Qb5+ 34. Ke1 Qe5 35. g3 g5 36. Rxh7# 1-0

[Event "BPB Limburg-open C"]
[Site "Maastricht"]
[Date "2015.05.24"]
[Round "4"]
[White "Snyers, Antoine"]
[Black "Chappin, Rene"]
[Result "0-1"]
[WhiteElo "1556"]
[BlackElo "1608"]
[PlyCount "90"]
[EventDate "2015.05.22"]
[EventType "swiss"]
[EventRounds "7"]
[EventCountry "NED"]
[Source "P.Boonen"]
[SourceDate "2015.01.01"]

1. e4 c5 2. Nf3 g6 3. d4 cxd4 4. Nxd4 Bg7 5. Be3 Nc6 6. c4 Nf6 7. Nc3 O-O 8.
Be2 d6 9. O-O Bd7 10. f4 Nxd4 11. Bxd4 Bc6 12. Nd5 Nxe4 13. Bxg7 Kxg7 14. Qd4+
Nf6 15. Nxf6 exf6 16. Rad1 Qa5 17. f5 Qc5 18. b4 Qxb4 19. Qxd6 Qb6+ 20. c5 Qa5
21. fxg6 fxg6 22. Bc4 Qd8 23. Bd5 Qxd6 24. cxd6 Bxd5 25. Rxd5 Rad8 26. Rc1 Rf7
27. Kf2 Rfd7 28. Rc7 Kf7 29. Ke3 Ke6 30. Ke4 f5+ 31. Kd4 Rxd6 32. Rxd6+ Rxd6+
33. Ke3 Rd7 34. Rc4 g5 35. g4 fxg4 36. Rxg4 Kf5 37. Rg1 h5 38. Rf1+ Kg4 39. Ke4
Re7+ 40. Kd3 Re5 41. Rf7 Rb5 42. Ke3 Kh3 43. Rh7 g4 44. a4 Ra5 45. Kf4 b6 0-1

[Event "BPB Limburg-open C"]
[Site "Maastricht"]
[Date "2015.05.24"]
[Round "4"]
[White "Spanjersberg, Hans"]
[Black "Van der Hoeven, Carsten"]
[Result "0-1"]
[WhiteElo "1664"]
[BlackElo "1366"]
[PlyCount "84"]
[EventDate "2015.05.22"]
[EventType "swiss"]
[EventRounds "7"]
[EventCountry "NED"]
[Source "P.Boonen"]
[SourceDate "2015.01.01"]

1. f4 d6 2. e4 Nf6 3. Nc3 g6 4. Nf3 Bg7 5. Be2 c5 6. d3 Bd7 7. Be3 O-O 8. Nd2
b5 9. Bf3 Bc6 10. Nd5 Nxd5 11. exd5 Bb7 12. c3 Nd7 13. Rb1 a5 14. Qe2 Nb6 15.
c4 Na4 16. Ne4 bxc4 17. dxc4 Ba6 18. Qc2 Qd7 19. b3 Nb6 20. Nf2 Rae8 21. Qd2 e6
22. Nd1 exd5 23. cxd5 Qf5 24. Rc1 Re7 25. Kf2 Bb7 26. g4 Qd7 27. Kg3 Rfe8 28.
Re1 Bd4 29. Qf2 Nxd5 30. Bxd5 Bxd5 31. Rc2 Bb7 32. Rce2 Ba6 33. Rd2 h5 34. h3
Bc8 35. Qf3 hxg4 36. hxg4 Ba6 37. Rh2 Bb7 38. Qf2 Bxe3 39. Rxe3 Qb5 40. Qe2
Rxe3+ 41. Nxe3 Qb4 42. Kh4 Qxf4 0-1

[Event "BPB Limburg-open C"]
[Site "Maastricht"]
[Date "2015.05.24"]
[Round "4"]
[White "Ten Have, Dimitri"]
[Black "Daems, Jan"]
[Result "1-0"]
[WhiteElo "1142"]
[BlackElo "1099"]
[PlyCount "91"]
[EventDate "2015.05.22"]
[EventType "swiss"]
[EventRounds "7"]
[EventCountry "NED"]
[Source "P.Boonen"]
[SourceDate "2015.01.01"]

1. d4 e6 2. c4 d5 3. Nc3 Nf6 4. Bf4 Bd6 5. Bxd6 Qxd6 6. Nf3 dxc4 7. e4 Qe7 8.
Bxc4 a6 9. O-O Nfd7 10. Re1 Nb6 11. Bb3 Nc6 12. d5 Na5 13. Ba4+ Bd7 14. Qd4
O-O-O 15. b4 Nac4 16. Bb3 e5 17. Qc5 Nd6 18. a4 Kb8 19. a5 Nbc8 20. b5 Bxb5 21.
Nxb5 Nxb5 22. Qxe7 Nxe7 23. Nxe5 Rhf8 24. Rab1 f6 25. Nd3 f5 26. Nc5 Ka7 27.
Ne6 fxe4 28. Nxf8 Rxf8 29. Rbc1 c6 30. Rxe4 Nxd5 31. Bxd5 cxd5 32. Re7 d4 33.
Rxg7 Rf5 34. Rxh7 Nc3 35. Re1 Rxa5 36. Rd7 Ra2 37. Kf1 Rd2 38. Ree7 Rd1+ 39.
Re1 Rd2 40. Rc1 d3 41. Ke1 Re2+ 42. Kf1 Rd2 43. Re7 Ne2 44. Rb1 Rc2 45. Rexb7+
Ka8 46. Rb8+ 1-0

[Event "BPB Limburg-open C"]
[Site "Maastricht"]
[Date "2015.05.24"]
[Round "4"]
[White "Uiterwijk, Jos"]
[Black "Kutchoukov, Daniel"]
[Result "0-1"]
[WhiteElo "1622"]
[BlackElo "1471"]
[PlyCount "74"]
[EventDate "2015.05.22"]
[EventType "swiss"]
[EventRounds "7"]
[EventCountry "NED"]
[Source "P.Boonen"]
[SourceDate "2015.01.01"]

1. e4 c6 2. d4 d5 3. exd5 cxd5 4. Nf3 Bg4 5. Be2 Nf6 6. c3 e6 7. Ne5 Bxe2 8.
Qxe2 Nc6 9. Qb5 Qc7 10. Nxc6 bxc6 11. Qe2 Ne4 12. Nd2 Nxd2 13. Bxd2 Bd6 14. g3
Rb8 15. b4 a5 16. a3 O-O 17. O-O Rfe8 18. f4 f6 19. Qh5 e5 20. Rae1 Re7 21. Re2
Rbe8 22. Rfe1 exd4 23. Qxe8+ Rxe8 24. Rxe8+ Kf7 25. cxd4 Qb6 26. Bc3 axb4 27.
R8e6 bxc3 28. Rxd6 Qxd4+ 29. Kh1 Qf2 30. Rde6 c2 31. f5 Qc5 32. Rc1 d4 33. Re2
d3 34. Rd2 Qd5+ 35. Kg1 Qd4+ 36. Kf1 Qb2 37. Rcxc2 dxc2 0-1

[Event "BPB Limburg-open C"]
[Site "Maastricht"]
[Date "2015.05.24"]
[Round "4"]
[White "Van Dalen, Maiko"]
[Black "Zheng, Jimmy"]
[Result "0-1"]
[WhiteElo "1381"]
[BlackElo "900"]
[PlyCount "48"]
[EventDate "2015.05.22"]
[EventType "swiss"]
[EventRounds "7"]
[EventCountry "NED"]
[Source "P.Boonen"]
[SourceDate "2015.01.01"]

1. e4 e5 2. Nf3 Nc6 3. d4 d6 4. Bb5 Nf6 5. d5 a6 6. Ba4 b5 7. Bb3 Ne7 8. a3 c5
9. a4 b4 10. Nbd2 Ng6 11. g3 Bg4 12. O-O Be7 13. Re1 O-O 14. Kg2 h6 15. h3 Bd7
16. Nc4 Rb8 17. a5 Qc8 18. h4 Bh3+ 19. Kh2 Ng4+ 20. Kg1 Nf6 21. Nb6 Qg4 22. Nh2
Qxd1 23. Rxd1 Nxe4 24. Nd7 Bxd7 0-1

[Event "BPB Limburg-open C"]
[Site "Maastricht"]
[Date "2015.05.24"]
[Round "4"]
[White "Van Ginneken, Maikel"]
[Black "Bertrand, Sjors"]
[Result "1-0"]
[WhiteElo "1499"]
[BlackElo "900"]
[PlyCount "75"]
[EventDate "2015.05.22"]
[EventType "swiss"]
[EventRounds "7"]
[EventCountry "NED"]
[Source "P.Boonen"]
[SourceDate "2015.01.01"]

1. d4 d5 2. c4 c6 3. Bf4 e6 4. c5 Nf6 5. Nc3 Be7 6. e3 Nbd7 7. Bd3 O-O 8. Qc2
g6 9. h3 b6 10. b4 bxc5 11. bxc5 a5 12. Nf3 Ba6 13. O-O Bxd3 14. Qxd3 Re8 15.
Rab1 Qc8 16. Na4 Bd8 17. Rb2 Bc7 18. Bxc7 Qxc7 19. Nb6 Nxb6 20. Rxb6 Reb8 21.
Rfb1 Ne4 22. Ne5 Rxb6 23. Rxb6 Qe7 24. Rxc6 Qh4 25. Qe2 Rb8 26. Rb6 Rxb6 27.
cxb6 Qd8 28. Qa6 Qh4 29. Ng4 h5 30. b7 hxg4 31. b8=Q+ Kg7 32. Qe5+ Kh7 33. Qf4
Kg7 34. Qa7 Ng5 35. Qxg4 Qh6 36. Qxa5 Ne4 37. Qf4 Qh5 38. Qe5+ 1-0

[Event "BPB Limburg-open C"]
[Site "Maastricht"]
[Date "2015.05.24"]
[Round "4"]
[White "Van Rossum, Pia"]
[Black "Mang, Dalya"]
[Result "1-0"]
[WhiteElo "1568"]
[BlackElo "900"]
[PlyCount "61"]
[EventDate "2015.05.22"]
[EventType "swiss"]
[EventRounds "7"]
[EventCountry "NED"]
[Source "P.Boonen"]
[SourceDate "2015.01.01"]

1. d4 d5 2. g3 Nf6 3. Bg2 Bf5 4. Nf3 e6 5. O-O c5 6. c4 Nc6 7. b3 Bd6 8. Bg5
O-O 9. Nbd2 cxd4 10. Re1 Bb4 11. a3 Bd6 12. cxd5 exd5 13. b4 a6 14. Nb3 h6 15.
Bxf6 Qxf6 16. Nbxd4 Be5 17. Nxe5 Nxe5 18. Nxf5 Qxf5 19. Qxd5 Rab8 20. f4 Nf3+
21. Bxf3 Qxd5 22. Bxd5 b5 23. Rac1 Rbd8 24. e4 Rd7 25. Rc6 Ra7 26. Rec1 Raa8
27. Rc7 Rad8 28. Rb7 Rd6 29. Rcc7 Rf6 30. e5 Rf5 31. Rc5 {.....} 1-0

[Event "BPB Limburg-open C"]
[Site "Maastricht"]
[Date "2015.05.24"]
[Round "4"]
[White "Vossen, Patrick"]
[Black "Karsten, Simon"]
[Result "1/2-1/2"]
[WhiteElo "1453"]
[BlackElo "1666"]
[PlyCount "112"]
[EventDate "2015.05.22"]
[EventType "swiss"]
[EventRounds "7"]
[EventCountry "NED"]
[Source "P.Boonen"]
[SourceDate "2015.01.01"]

1. d4 Nf6 2. e3 e6 3. Bd3 c5 4. c3 d5 5. Nf3 b6 6. Nbd2 Bb7 7. O-O Nc6 8. Re1
Be7 9. Qe2 O-O 10. dxc5 bxc5 11. e4 dxe4 12. Nxe4 Qc7 13. Bg5 Nd5 14. Bxe7
Ncxe7 15. Bc2 Ng6 16. Neg5 Ndf4 17. Qe3 Nd5 18. Qe2 Ndf4 19. Qe3 h6 20. Bxg6
Nxg6 21. Ne4 Rac8 22. Rad1 Bxe4 23. Qxe4 Rfd8 24. h3 Rd7 25. Rxd7 Qxd7 26. Ne5
Nxe5 27. Qxe5 Kf8 28. Qe4 Kg8 29. Kf1 Qb5+ 30. Qe2 Qb6 31. Rd1 Rd8 32. Rb1 Qd6
33. Kg1 Qf4 34. Rd1 Qc7 35. Rd3 Rd5 36. c4 Rd4 37. Rxd4 cxd4 38. b3 Qc5 39. Qd2
e5 40. Kf1 Kf8 41. f3 Ke7 42. Ke2 f5 43. Kd3 a5 44. Qe1 Ke6 45. Qh4 Qb4 46. Ke2
Qa3 47. Qd8 Qxa2+ 48. Kf1 Qb1+ 49. Kf2 Qc2+ 50. Kg3 d3 51. Qe8+ Kf6 52. Qc6+
Kf7 53. Qd7+ Kf6 54. Qd6+ Kf7 55. Qd7+ Kf6 56. Qd6+ Kf7 1/2-1/2

[Event "BPB Limburg-open C"]
[Site "Maastricht"]
[Date "2015.05.24"]
[Round "4"]
[White "Weerts, Rene"]
[Black "Boudry, Rik"]
[Result "1-0"]
[WhiteElo "1603"]
[BlackElo "1355"]
[PlyCount "97"]
[EventDate "2015.05.22"]
[EventType "swiss"]
[EventRounds "7"]
[EventCountry "NED"]
[Source "P.Boonen"]
[SourceDate "2015.01.01"]

1. d4 d5 2. Nf3 Bg4 3. Ne5 Bh5 4. g4 Bg6 5. Nxg6 hxg6 6. c3 e6 7. Bf4 g5 8. Bg3
Bd6 9. Qa4+ c6 10. Bxd6 Qxd6 11. h3 Nd7 12. Nd2 Ne7 13. Bg2 Ng6 14. e4 Qf4 15.
e5 Nh4 16. Bf1 Nf3+ 17. Nxf3 Qxf3 18. Rg1 Qe4+ 19. Kd2 Qf3 20. Rg3 Qxf2+ 21.
Be2 Qxg3 22. Rf1 Rxh3 23. Qd1 Qe3+ 24. Kc2 Rh2 25. Re1 Nb6 26. Kb1 Na4 27. Ka1
a6 28. Bb5 Rd2 29. Qc1 Qf2 30. Bxa4 Rxb2 31. Bb3 Rxb3 32. axb3 Qf4 33. Qd1 Qg3
34. Kb2 Kd7 35. Qc1 Qxg4 36. Qe3 f6 37. Rg1 Qe4 38. Qf2 Qf5 39. Qg3 Rh8 40.
exf6 gxf6 41. Qg2 Qh3 42. Qf2 Qf5 43. Qe2 Qe4 44. Qf2 Qf4 45. Qxf4 gxf4 46.
Rg7+ Kd6 47. Rf7 f5 48. Kc2 Rh3 49. c4 1-0

[Event "BPB Limburg-open C"]
[Site "Maastricht"]
[Date "2015.05.24"]
[Round "4"]
[White "Weidema, Luuk"]
[Black "Mitran, Ovi"]
[Result "1/2-1/2"]
[WhiteElo "1189"]
[BlackElo "1523"]
[PlyCount "67"]
[EventDate "2015.05.22"]
[EventType "swiss"]
[EventRounds "7"]
[EventCountry "NED"]
[Source "P.Boonen"]
[SourceDate "2015.01.01"]

1. f4 d5 2. b3 Nf6 3. Nf3 e6 4. Bb2 Nbd7 5. e3 Bd6 6. Bd3 Nc5 7. Be2 a5 8. a4
b6 9. O-O Ba6 10. Bxa6 Nxa6 11. Qe1 Nc5 12. Qg3 Be7 13. Ne5 O-O 14. Nc6 Qd7 15.
Nxe7+ Qxe7 16. Nc3 c6 17. Ne2 Nce4 18. Qe1 c5 19. d3 Nd6 20. Qh4 Nf5 21. Bxf6
gxf6 22. Qg4+ Kh8 23. Qh3 Rg8 24. e4 dxe4 25. dxe4 Nd6 26. Qf3 f5 27. e5 Ne4
28. Qe3 Qb7 29. g3 Rg7 30. Nc3 Nxc3 31. Qxc3 Rag8 32. Qf3 Qc7 33. Rad1 c4 34.
Rc1 1/2-1/2

[Event "BPB Limburg-open C"]
[Site "Maastricht"]
[Date "2015.05.24"]
[Round "4"]
[White "Werkhoven, Gerard"]
[Black "Lenaerts, Robbe"]
[Result "1-0"]
[WhiteElo "1546"]
[BlackElo "1260"]
[PlyCount "39"]
[EventDate "2015.05.22"]
[EventType "swiss"]
[EventRounds "7"]
[EventCountry "NED"]
[Source "P.Boonen"]
[SourceDate "2015.01.01"]

1. d4 d5 2. c4 e6 3. Nc3 Nf6 4. cxd5 exd5 5. Bg5 Be7 6. e3 b6 7. Bd3 Bb7 8. Qc2
Nbd7 9. Nge2 O-O 10. O-O h6 11. Bh4 a6 12. Rac1 Rc8 13. h3 c5 14. dxc5 Rxc5 15.
Nd4 Ne4 16. Bxe7 Qxe7 17. Qe2 Rfc8 18. Qg4 Ndf6 19. Nf5 Qd7 20. Qxg7# 1-0

[Event "BPB Limburg-open C"]
[Site "Maastricht"]
[Date "2015.05.24"]
[Round "4"]
[White "Wiedenbruch, Paul"]
[Black "Van Kanten, Brian"]
[Result "0-1"]
[WhiteElo "1045"]
[BlackElo "1564"]
[PlyCount "70"]
[EventDate "2015.05.22"]
[EventType "swiss"]
[EventRounds "7"]
[EventCountry "NED"]
[Source "P.Boonen"]
[SourceDate "2015.01.01"]

1. e4 c5 2. Nf3 d6 3. Bc4 Nc6 4. c3 Nf6 5. d3 e6 6. Bg5 Be7 7. Bxf6 Bxf6 8. d4
O-O 9. O-O Qb6 10. b3 cxd4 11. a4 dxc3 12. Ra3 Qc5 13. Ra2 Nb4 14. Re2 c2 15.
Rxc2 Nxc2 16. Qxc2 d5 17. Bd3 Qxc2 18. Bxc2 dxe4 19. Bxe4 Rd8 20. a5 Rb8 21. b4
b6 22. axb6 Rxb6 23. Nc3 Bxc3 24. Rc1 Bxb4 25. h3 a5 26. Ne5 f6 27. Nc6 Re8 28.
Kf1 Ba6+ 29. Kg1 Bb5 30. Nxb4 axb4 31. Rb1 Bc4 32. f3 b3 33. Rb2 f5 34. Bb1 Rd8
35. Kf2 Rbd6 0-1

[Event "BPB Limburg-open C"]
[Site "Maastricht"]
[Date "2015.05.24"]
[Round "4"]
[White "Wolters, Vincent"]
[Black "Akulova, Alicia"]
[Result "1-0"]
[WhiteElo "1654"]
[BlackElo "1514"]
[PlyCount "115"]
[EventDate "2015.05.22"]
[EventType "swiss"]
[EventRounds "7"]
[EventCountry "NED"]
[Source "P.Boonen"]
[SourceDate "2015.01.01"]

1. e4 e5 2. Nf3 Nf6 3. Nc3 Bb4 4. Bc4 Nc6 5. Qe2 O-O 6. O-O Re8 7. Nd5 d6 8. h3
Bc5 9. c3 Na5 10. b4 Nxc4 11. Qxc4 Nxd5 12. exd5 Bb6 13. a4 a5 14. b5 e4 15.
Nd4 Qg5 16. Kh1 Qh4 17. Kh2 Re5 18. Nf3 Qf4+ 19. Kg1 Rh5 20. Re1 Bf5 21. d4 e3
22. Bxe3 Qe4 23. Bd2 Qc2 24. Qa2 Qxa2 25. Rxa2 Bd3 26. Raa1 Rxd5 27. Rac1 Bc4
28. Bf4 Rf5 29. Bg3 Bd5 30. Nd2 Kf8 31. Kf1 Rf6 32. f3 c5 33. c4 Be6 34. d5 Bf5
35. Ne4 Bxe4 36. Rxe4 Re8 37. Rce1 Rxe4 38. Rxe4 Bd8 39. Bh4 g5 40. Bxg5 Rxf3+
41. gxf3 Bxg5 42. Ke2 Bf6 43. Ke3 b6 44. Kf4 Bc3 45. Kg5 Bd2+ 46. f4 Bc1 47.
Kh6 f5 48. Re6 Bxf4+ 49. Kxh7 Be5 50. Rg6 f4 51. Rg5 Kf7 52. Rf5+ Ke7 53. Kg6
Ke8 54. h4 Ke7 55. h5 Ke8 56. h6 Ke7 57. h7 Ke8 58. Rxe5+ 1-0